00485nam a2200157Ia 4500008004100000020001800041041000800059082001600067100001400083245003100097260003300128300000900161650001400170999002100184952012200205260223s2026 xx 000 0 und d a9788197750007 aeng a617.69/GILL aGill. KK. acommunity Health Nursing-I aNew DelhibC.B.S. Pub.c2026 a574P aCommunity c1216487d1216487 00104070aNCMbNCMd2026-01-22g595.00l1o617.69/GILLpNCM-N-4574r2026-07-03 09:47:26s2026-06-30w2026-02-23yBK